| 000 | 004330000a22001570004500 | ||
|---|---|---|---|
| 003 | MACL | ||
| 005 | 20150704121746.0 | ||
| 008 | 150704b xxu||||| |||| 00| 0 eng d | ||
| 040 |
_aMACL _cMACL |
||
| 100 |
_aSanyal, Tushar Kanti _9524 |
||
| 245 |
_aAnglo I̜ndians Of Kolkata _bA Study Of Their Social Alienation |
||
| 260 |
_aKolkata _bProva Prakashani _c2007 |
||
| 350 | _a295 | ||
| 650 |
_aSocial Science _929 |
||
| 942 |
_cBK _k300 _2ddc |
||
| 999 |
_c1831 _d1831 |
||